| 000 | 00590nam a2200193Ii 4500 | ||
|---|---|---|---|
| 003 | JO-AjNU | ||
| 008 | 230605s9999||||xx |||||||||||||| ||und|| | ||
| 040 |
_aJO-AjNU _bara _erda _cJO-AjNU |
||
| 041 | _aara | ||
| 050 | 1 | 4 | _aU264 2003 |
| 100 | 3 |
_aعويس، محمد زكي , _eauthor _99806 |
|
| 245 | 0 | 0 | _aاسلحة الدمار الشامل |
| 264 | 3 | 1 | _aعمان: مكتبة الاسرة، 2003 |
| 300 | _a178ص | ||
| 336 |
_atext _btxt _2rdacontent |
||
| 337 |
_aunmediated _bn _2rdamedia |
||
| 338 |
_avolume _bnc _2rdacarrier |
||
| 650 | 4 |
_aاسلحة الدمار الشامل _99807 |
|
| 999 |
_aA1487 _c5055 _d5055 |
||